|
|
|
|
| LEADER |
00000nab#a22000007a#4500 |
| 001 |
arbauad035624 |
| 003 |
AR-BaUAD |
| 005 |
20250711112825.0 |
| 008 |
990308|||||||||###||||||b###|0###a|spa|| |
| 040 |
|
|
|a AR-BaUAD
|c AR-BaUAD
|b spa
|
| 100 |
|
|
|a Field, Marcus
|
| 245 |
|
|
|a The people's chair /
|c Marcus Field;
|
| 300 |
0 |
|
|b fot., il., detalles
|
| 653 |
|
|
|a ALEMANIA
|
| 653 |
|
|
|a AUTHENTICS
|
| 653 |
|
|
|a HILTON, MATTHEW
|
| 653 |
|
|
|a MUEBLES
|
| 653 |
|
|
|a SILLAS
|
| 653 |
|
|
|a PLASTICO
|
| 653 |
|
|
|a POLIPROPILENO
|
| 653 |
|
|
|a DISEÑO INDUSTRIAL
|
| 773 |
0 |
|
|t BLUEPRINT
|g no. 157 [ene. 1999], p. 40-41
|
| 942 |
|
|
|c ARTI
|
| 952 |
|
|
|0 0
|1 0
|4 0
|7 0
|9 80543
|a AR-BAuAD
|b AR-BAuAD
|d 2025-07-11
|l 0
|p AAQA035624
|r 2025-07-11 11:28:25
|w 2025-07-11
|y ARTI
|
| 990 |
|
|
|a DI199
|b TD
|
| 998 |
|
|
|a AAQ
|b BIBUN76
|
| 999 |
|
|
|c 60216
|d 60216
|